[Event "Druzynowe Mistrzostwa Polski Juniorow - II liga"]
[Site "Sypniewo k. Jastowia"]
[Date "2024-06-17"]
[Round "5.28"]
[White "Kurczewski, Borys"]
[Black "Baranowski, Jan"]
[Result "1/2-1/2"]
[WhiteTitle "II"]
[BlackTitle "II"]
[WhiteElo "1508"]
[BlackElo "1577"]

1. d4 d5 2. Bf4 c5 3. e3 Bf5 4. c3 e6 5. Bd3 Bg6 6. Nf3 Nc6 7. O-O Nf6 8. Bxg6
hxg6 9. Nbd2 Bd6 10. Bg3 O-O 11. Re1 cxd4 12. exd4 b5 13. Rc1 Bxg3 14. hxg3 Na5
15. Ne5 Nd7 16. Ndf3 Nxe5 17. Nxe5 Nc4 18. Nxc4 bxc4 19. b3 Qc7 20. bxc4 Qxc4
21. Qb3 Rfc8 22. Qxc4 Rxc4 23. Re2 Rac8 24. Rec2 a5 25. Kf1 a4 26. Ke2 Kf8 27.
Kd2 Rb8 28. Kd3 Ke7 29. Kd2 g5 30. g4 Kd7 31. f3 Kd6 32. g3 Rh8 33. Kd3 Rb8 1/2-1/2

[Event "Druzynowe Mistrzostwa Polski Juniorow - II liga"]
[Site "Sypniewo k. Jastowia"]
[Date "2024-06-17"]
[Round "5.29"]
[White "Zalewska, Malgorzata"]
[Black "Michalska, Anna-maria"]
[Result "1/2-1/2"]
[WhiteTitle "I+"]
[BlackTitle "I"]
[WhiteElo "1722"]
[BlackElo "1607"]

1. e4 c6 2. d4 d5 3. e5 Bf5 4. h4 h5 5. c4 e6 6. Nc3 Nd7 7. Nge2 dxc4 8. Ng3 Bd3
9. Bxd3 cxd3 10. Nce4 c5 11. Qxd3 Nxe5 12. Qb5+ Qd7 13. Qxd7+ Nxd7 14. dxc5 Nxc5
15. Nxc5 Bxc5 16. Ne4 Be7 17. Be3 Nf6 18. Nxf6+ Bxf6 19. O-O-O b6 20. Bd4 Rc8+
21. Kb1 Bxd4 22. Rxd4 Ke7 23. Rhd1 Rhd8 24. g3 f6 25. b3 Rxd4 26. Rxd4 Rd8 27.
Rc4 Rd6 28. Rc7+ Rd7 29. Rc6 e5 30. Rc2 Kd8 31. Re2 Rd5 32. Kc2 Kd7 33. Kc3 Kc6
34. a4 a5 35. f3 Kc5 36. Re1 g6 1/2-1/2

[Event "Druzynowe Mistrzostwa Polski Juniorow - II liga"]
[Site "Sypniewo k. Jastowia"]
[Date "2024-06-17"]
[Round "5.30"]
[White "Bartkowiak, Aleksandra"]
[Black "Stolarz, Anna"]
[Result "1-0"]
[WhiteTitle "II+"]
[BlackTitle "II"]
[WhiteElo "1574"]
[BlackElo "1528"]

1. e4 c5 2. Nf3 d6 3. d4 cxd4 4. Nxd4 Nf6 5. Nc3 a6 6. Be3 e5 7. Nf3 Be7 8. Qd2
Be6 9. Ng5 O-O 10. f3 Bd7 11. g4 h6 12. Nh3 Qc8 13. Nf2 Be6 14. h4 Nh7 15. Be2
Qd8 16. O-O-O Nc6 17. Rdg1 Bxh4 18. Kb1 Bg5 19. Nh3 Bxe3 20. Qxe3 Nd4 21. g5 Nxe2
22. Nxe2 Bxh3 23. gxh6 g6 24. Rxh3 Qc8 25. Rh2 Qc5 26. Qb3 1-0

[Event "Druzynowe Mistrzostwa Polski Juniorow - II liga"]
[Site "Sypniewo k. Jastowia"]
[Date "2024-06-17"]
[Round "5.31"]
[White "Gorny, Tomasz"]
[Black "Leszczewicz, Karol"]
[Result "1-0"]
[WhiteTitle "I"]
[BlackTitle "I+"]
[WhiteElo "1876"]
[BlackElo "1668"]

1. e4 c6 2. d4 d5 3. Nc3 dxe4 4. Nxe4 Nf6 5. Nxf6+ exf6 6. Be3 Bd6 7. Bd3 O-O 8.
Ne2 Bg4 9. Qd2 Nd7 10. O-O Bxe2 11. Qxe2 Re8 12. Qf3 Qc7 13. g3 Nf8 14. Rfd1 Rad8
15. c4 Ng6 16. a4 Bf8 17. h4 c5 18. Bxg6 hxg6 19. b3 cxd4 20. Bxd4 b6 21. h5 gxh5
22. Qxh5 Bc5 23. Bxc5 Qxc5 24. Qf3 Qb4 25. Kg2 Rxd1 26. Rxd1 Qe7 27. Rd4 Qe2 28.
Qc6 Re5 29. Qa8+ Kh7 30. Rh4+ Kg6 31. Qxa7 Rf5 32. Qxb6 Qf3+ 33. Kh2 Qxf2+ 34.
Qxf2 Rxf2+ 35. Kh3 Rb2 36. c5 Rxb3 37. Rc4 Kf5 38. c6 Rb8 39. c7 Rc8 40. a5 Ke6
41. a6 Kd5 42. Rc1 Kd6 43. a7 Kd7 44. Rd1+ Kxc7 45. Rc1+ Kb7 46. Rxc8 Kxa7 47.
Rc7+ 1-0

[Event "Druzynowe Mistrzostwa Polski Juniorow - II liga"]
[Site "Sypniewo k. Jastowia"]
[Date "2024-06-17"]
[Round "5.32"]
[White "Krogulski, Maksymilian"]
[Black "Gulinski, Maciej"]
[Result "1-0"]
[WhiteTitle "I"]
[BlackTitle "II"]
[WhiteElo "1691"]
[BlackElo "1617"]

1. e4 d5 2. exd5 Qxd5 3. Nc3 Qa5 4. d4 Nf6 5. Nf3 Bf5 6. Bc4 e6 7. O-O Nbd7 8.
Bd2 Bb4 9. a3 Bxc3 10. Bxc3 Qb6 11. d5 O-O 12. dxe6 Bxe6 13. Bxe6 Qxe6 14. Re1
Qd5 15. Re7 Qc6 16. Nd4 Qd6 17. Nf5 Qxd1+ 18. Rxd1 Rad8 19. f3 h6 20. Nxg7 Kxg7
21. Rdxd7 Rxd7 22. Rxd7 Rc8 23. Be5 Re8 24. Bxf6+ Kxf6 25. Rxc7 Re2 26. Rxb7 Rxc2
27. Rxa7 Rxb2 28. Ra6+ Kg7 29. h4 Ra2 30. Kh2 Ra1 31. Kg3 Ra2 32. a4 Ra3 33. Kg4
Ra2 34. g3 Ra3 35. Ra8 h5+ 36. Kf4 f5 37. a5 Kh7 38. a6 Ra5 39. a7 Kg7 40. Kg5
Kh7 41. f4 Kg7 42. Kxh5 Kh7 43. Kg5 Kg7 44. h5 Kh7 45. h6 Ra6 46. Kxf5 Ra5+ 47.
Ke6 Ra6+ 48. Kd5 Ra1 49. g4 Rd1+ 50. Kc4 Ra1 51. g5 Ra6 52. g6+ 1-0

[Event "Druzynowe Mistrzostwa Polski Juniorow - II liga"]
[Site "Sypniewo k. Jastowia"]
[Date "2024-06-17"]
[Round "5.33"]
[White "Smolinski, Wojciech"]
[Black "Ladon, Tymoteusz"]
[Result "1-0"]
[WhiteTitle "I"]
[BlackTitle "II+"]
[WhiteElo "1841"]
[BlackElo "1596"]

1. e4 c5 2. Nc3 Nc6 3. Bb5 g6 4. Bxc6 bxc6 5. f4 Bg7 6. Nf3 Ba6 7. d3 Nf6 8. O-O
O-O 9. Qe1 d6 10. Qh4 e6 11. f5 exf5 12. Bg5 h6 13. Bxh6 Bxh6 14. Qxh6 Ng4 15.
Qf4 Bc8 16. h3 fxe4 17. Nxe4 f5 18. Nxd6 Nf6 19. Nc4 Be6 20. Nce5 Kg7 21. Qg5
Bf7 22. Nxf7 Rxf7 23. Nh4 Qd4+ 24. Kh1 Kg8 25. Qxg6+ Rg7 26. Qxg7+ 1-0

[Event "Druzynowe Mistrzostwa Polski Juniorow - II liga"]
[Site "Sypniewo k. Jastowia"]
[Date "2024-06-17"]
[Round "5.34"]
[White "Ladon, Jeremi"]
[Black "Biela, Jan"]
[Result "1/2-1/2"]
[WhiteTitle "II"]
[BlackTitle "II"]
[WhiteElo "1565"]
[BlackElo "1569"]

1. e4 c5 2. Nf3 Nc6 3. d4 cxd4 4. Nxd4 g6 5. Nc3 Bg7 6. Be3 Nf6 7. Bc4 O-O 8. Bb3
d5 9. exd5 Na5 10. h3 Nxb3 11. axb3 Nxd5 12. Nxd5 Qxd5 13. O-O Rd8 14. Nf3 Bxb2
15. Qxd5 Rxd5 16. Rad1 Be6 17. Rxd5 Bxd5 18. Rd1 Bc6 19. Rd3 Bf6 20. Rd2 Kf8 21.
Nd4 Bxd4 22. Bxd4 Rd8 23. Bg7+ Ke8 24. Rxd8+ Kxd8 25. Bd4 b6 26. g3 Bf3 27. Kf1
Bd1 28. c3 Bxb3 29. Ke2 Kc7 30. Kd3 a5 31. c4 a4 32. Bb2 Kc6 33. Ba3 e6 34. Kd4
e5+ 35. Kxe5 Bxc4 36. Kd4 Kb5 37. Bf8 Be6 38. h4 Ka5 39. Ba3 b5 40. Kc5 f6 41.
f4 h6 42. Bb4+ Ka6 43. Ba3 Bc4 44. Bb2 f5 45. Ba3 1/2-1/2

[Event "Druzynowe Mistrzostwa Polski Juniorow - II liga"]
[Site "Sypniewo k. Jastowia"]
[Date "2024-06-17"]
[Round "5.35"]
[White "Leks, Emilia"]
[Black "Pastuszko, Katarzyna"]
[Result "0-1"]
[WhiteTitle "I"]
[BlackTitle "I++"]
[WhiteElo "1519"]
[BlackElo "1586"]

1. c4 Nf6 2. Nc3 d6 3. Nf3 Nbd7 4. d4 g6 5. e4 e5 6. d5 Nc5 7. Bd3 Nxd3+ 8. Qxd3
Bg7 9. O-O O-O 10. h3 Nh5 11. g4 Nf4 12. Bxf4 exf4 13. Rae1 h5 14. Nh2 hxg4 15.
hxg4 Qh4 16. Qf3 Be5 17. Kh1 Kg7 18. Rg1 Rh8 19. Rg2 Bd7 20. Kg1 Rh7 21. Ne2 Qg5
22. Kh1 Rah8 23. Kg1 Rh3 24. Ng3 Qh4 0-1

[Event "Druzynowe Mistrzostwa Polski Juniorow - II liga"]
[Site "Sypniewo k. Jastowia"]
[Date "2024-06-17"]
[Round "5.37"]
[White "Matela, Krzysztof"]
[Black "Semenowicz, Julian"]
[Result "1-0"]
[WhiteTitle "I"]
[BlackTitle "II"]
[WhiteElo "2024"]
[BlackElo "1632"]

1. d4 Nf6 2. g3 d5 3. Bg2 e6 4. c4 Be7 5. Nc3 O-O 6. Nf3 c5 7. O-O Nc6 8. dxc5
Bxc5 9. Bg5 dxc4 10. Qc1 Be7 11. e4 Qa5 12. Rd1 Rb8 13. a4 b6 14. Nb5 Bb7 15.
Qxc4 Rfd8 16. Bd2 Bb4 17. Nxa7 Qxa7 18. Bxb4 Nxb4 19. Qxb4 Bxe4 20. Ne5 Bxg2 21.
Kxg2 Rxd1 22. Rxd1 Nd5 23. Qd6 Qb7 24. Nc6 Ra8 25. Kg1 h6 26. b3 Kh8 27. Nd4 Qe7
28. Qc6 Rd8 29. Qc4 Qc7 30. Nb5 Qe7 31. Re1 Qb4 32. Rc1 Qd2 33. h4 Nf6 34. Qc3
Qxc3 35. Rxc3 Rd1+ 36. Kg2 Nd5 37. Rc8+ Kh7 38. h5 g6 39. hxg6+ Kxg6 40. Nc3 Rc1
41. Nxd5 Kg7 1-0

[Event "Druzynowe Mistrzostwa Polski Juniorow - II liga"]
[Site "Sypniewo k. Jastowia"]
[Date "2024-06-17"]
[Round "5.38"]
[White "Rygiel, Kacper"]
[Black "Misiek, Stanislaw"]
[Result "0-1"]
[WhiteTitle "II"]
[BlackTitle "I"]
[WhiteElo "1563"]
[BlackElo "1805"]

1. e4 e5 2. f4 exf4 3. Nf3 Nf6 4. e5 Nh5 5. Bc4 d5 6. exd6 Bxd6 7. O-O O-O 8. d4
Bg4 9. Nc3 g5 10. Ne4 h6 11. Bd2 Nc6 12. Nxd6 Qxd6 13. Bc3 Rad8 14. Qd3 Ng7 15.
Rad1 Rfe8 16. Bb3 Bh5 17. Kh1 a6 18. a4 Nb4 19. Qc4 Nd5 20. Qxd5 Qxd5 21. Bxd5
Rxd5 22. Rf2 Nf5 23. h3 c5 24. Rd3 cxd4 25. Bd2 b5 26. a5 Bg6 27. Rb3 Ng3+ 28.
Kh2 Rc8 29. c3 d3 30. Nd4 Ne4 31. Kg1 Nxf2 32. Kxf2 Re5 33. g4 fxg3+ 34. Kxg3
Rce8 35. Rb4 Re4 36. b3 f5 37. Nf3 f4+ 38. Kg2 Rxb4 39. cxb4 Re2+ 0-1

[Event "Druzynowe Mistrzostwa Polski Juniorow - II liga"]
[Site "Sypniewo k. Jastowia"]
[Date "2024-06-17"]
[Round "5.39"]
[White "Majcher, Igor"]
[Black "Owczarek, Marcin"]
[Result "1-0"]
[WhiteTitle "I"]
[BlackTitle "II"]
[WhiteElo "2003"]
[BlackElo "1690"]

1. e4 c5 2. Nf3 e6 3. d4 cxd4 4. Nxd4 a6 5. Bd3 Bc5 6. Nb3 Ba7 7. Qg4 Nf6 8. Qg3
d6 9. Nc3 Nc6 10. Bg5 h6 11. Bd2 e5 12. Bc4 g5 13. h4 Nh5 14. Qf3 Nf4 15. g3 g4
16. Qd1 Nh3 17. Rf1 Rf8 18. Bxh6 Qf6 19. Be3 Bxe3 20. fxe3 Qh6 21. Qe2 f5 22.
Nd5 Qh7 23. Nb6 Rb8 24. Nxc8 Rxc8 25. Be6 f4 26. Bxc8 f3 27. Qc4 Rf6 28. O-O-O
Qh6 29. Qc3 Qg7 30. Na5 Nxa5 31. Qxa5 f2 32. Bf5 1-0

[Event "Druzynowe Mistrzostwa Polski Juniorow - II liga"]
[Site "Sypniewo k. Jastowia"]
[Date "2024-06-17"]
[Round "5.40"]
[White "Slys, Jan"]
[Black "Radziszewski, Leon"]
[Result "1/2-1/2"]
[WhiteTitle "II"]
[BlackTitle "II"]
[WhiteElo "1625"]
[BlackElo "1401"]

1. e4 e5 2. Nf3 Nc6 3. Bc4 Bc5 4. O-O Nf6 5. d3 d6 6. h3 Be6 7. Bb3 Qd7 8. Be3
Bb6 9. Nc3 O-O 10. Nd5 Bxd5 11. exd5 Ne7 12. Bxb6 axb6 13. c4 Ng6 14. Qd2 Rfe8
15. Rfe1 e4 16. dxe4 Nxe4 17. Qd4 Nc5 18. Rad1 Qf5 19. Re3 Nf4 20. Rde1 Rxe3 21.
Qxe3 Rf8 22. Nd4 Qg5 23. Qg3 Qxg3 24. fxg3 Nfd3 25. Re2 g6 26. Nb5 Rc8 27. Bd1
Ne5 28. b4 Na6 29. a3 Nxc4 30. Bb3 Ne5 31. Rc2 Kf8 32. Nxd6 Rb8 33. Ne4 Rd8 34.
b5 Nc5 35. Nxc5 bxc5 36. Rxc5 Rd7 37. Rc3 Ke7 38. a4 b6 39. Kf2 Kd6 40. Ke3 f5
41. Kd2 Re7 42. Re3 Nd7 43. Rxe7 Kxe7 44. Ke3 Nc5 45. Bc2 Kd6 46. Kd4 Nd7 47.
h4 h5 48. g4 hxg4 49. h5 gxh5 50. Bxf5 1/2-1/2

[Event "Druzynowe Mistrzostwa Polski Juniorow - II liga"]
[Site "Sypniewo k. Jastowia"]
[Date "2024-06-17"]
[Round "5.41"]
[White "Dura, Anna"]
[Black "Kucia, Kinga"]
[Result "0-1"]
[WhiteTitle "I"]
[BlackTitle "I"]
[WhiteElo "1618"]
[BlackElo "1550"]

1. d4 d5 2. Nf3 e6 3. c4 h6 4. g3 Nf6 5. Bg2 Bd6 6. O-O O-O 7. c5 Be7 8. Nc3 Nc6
9. a3 Ne4 10. Qd3 f5 11. b4 Bd7 12. Ne1 Nxd4 13. Bxe4 Nb3 14. Rb1 Nxc1 15. Rxc1
fxe4 16. Qd1 c6 17. Ng2 e5 18. a4 Bf5 19. Qb3 Kh8 20. Nb1 d4 21. Nd2 d3 22. Qc4
dxe2 23. Qxe2 Qd3 24. Rce1 Qa3 25. b5 Qxa4 26. bxc6 Qxc6 27. Nxe4 Bxe4 28. Qxe4
Qxe4 29. Rxe4 Bxc5 30. Rxe5 b6 31. Rd5 Rad8 32. Rxd8 Rxd8 33. Nf4 Re8 34. Ra1
a5 35. Nd3 Bd4 36. Ra4 Bf6 37. Nf4 Rd8 38. Ra3 Rd1+ 39. Kg2 Kh7 40. Rb3 Rd6 41.
Nd3 b5 42. Nc5 b4 43. Nb7 Rd5 44. Rb1 Bc3 45. Kf3 a4 46. Ke4 Rd2 47. Nc5 a3 48.
Nb3 Rxf2 0-1

[Event "Druzynowe Mistrzostwa Polski Juniorow - II liga"]
[Site "Sypniewo k. Jastowia"]
[Date "2024-06-17"]
[Round "5.42"]
[White "Uliasz, Lena"]
[Black "Wawrzyniak, Aleksandra"]
[Result "1-0"]
[WhiteTitle "II+"]
[BlackTitle "II"]
[WhiteElo "1599"]
[BlackElo "1495"]

1. e4 e5 2. Nf3 Nc6 3. Bc4 Nf6 4. d3 Bc5 5. Nc3 d6 6. h3 a6 7. a3 Bd7 8. O-O h6
9. Be3 Bxe3 10. fxe3 O-O 11. d4 Re8 12. Re1 Na5 13. Ba2 b6 14. Qd2 Bc6 15. d5
Bd7 16. Rad1 Nb7 17. Qf2 Nc5 18. Nd2 a5 19. Rf1 Rf8 20. Bc4 Qe7 21. Bd3 Nh7 22.
Qe2 Qg5 23. Nf3 Qg3 24. Qf2 Qxf2+ 25. Rxf2 Nf6 26. Nh4 Rab8 27. Nf5 Rfe8 28. Nxh6+
gxh6 29. Rxf6 Kg7 30. Rdf1 Rf8 31. R6f3 b5 32. Ne2 b4 33. axb4 Rxb4 34. Rb1 Rfb8
35. Ra1 Rxb2 36. Nc3 a4 37. Rff1 R2b4 38. Na2 Rb2 39. Rfc1 R2b6 40. Kh2 Bb5 41.
Nb4 Bxd3 42. Nxd3 Nxd3 43. cxd3 Rb4 44. Rxc7 Ra8 45. Rc4 Rxc4 46. dxc4 a3 47.
Ra2 Ra4 48. Kg3 Kf6 49. Kf3 Kg6 50. Ke2 Kf6 51. Kd3 Ke7 52. Kc3 Ra8 53. Kb3 Rg8
54. Kxa3 Rg3 55. Re2 Kd7 56. Kb4 Kc7 57. c5 Kd7 58. c6+ Kc7 59. Kc4 Rg8 60. Rb2
Rg7 61. Rb7+ Kc8 62. g4 Rg6 63. Kb5 Kd8 64. Kb6 Kc8 65. Ra7 Kd8 66. c7+ Ke7 67.
c8=Q+ Kf6 68. Qf5+ Kg7 69. Qxf7+ Kh8 70. Qh7# 1-0

[Event "Druzynowe Mistrzostwa Polski Juniorow - II liga"]
[Site "Sypniewo k. Jastowia"]
[Date "2024-06-17"]
[Round "5.43"]
[White "Paprocki, Antoni"]
[Black "Przybylski, Bartosz"]
[Result "1-0"]
[WhiteTitle "k"]
[BlackTitle "k"]
[WhiteElo "2164"]
[BlackElo "2085"]

1. e4 c5 2. Nf3 d6 3. d4 cxd4 4. Nxd4 Nf6 5. f3 e5 6. Nb3 d5 7. Bg5 d4 8. c3 Nc6
9. cxd4 Bb4+ 10. Bd2 Nxe4 11. Bxb4 Qh4+ 12. g3 Nxg3 13. hxg3 Qxh1 14. Bc5 Bh3
15. N1d2 O-O-O 16. Qc2 Bxf1 17. O-O-O Qh6 18. Rxf1 Kb8 19. dxe5 Nxe5 20. Kb1 Nd3
21. Bd4 Nb4 22. Qe4 Nc6 23. Bc3 Rhe8 24. Qf4+ Qxf4 25. gxf4 f6 26. Ne4 Ne7 27.
Nd4 Nd5 28. f5 Rd7 29. Rg1 b6 30. Ne6 g6 31. Nd4 gxf5 32. Nxf5 Nxc3+ 33. bxc3
Re5 34. Nd4 Rc7 35. Nxf6 Kb7 36. f4 Ra5 37. Ne4 Rh5 38. f5 Rh4 39. Re1 1-0

[Event "Druzynowe Mistrzostwa Polski Juniorow - II liga"]
[Site "Sypniewo k. Jastowia"]
[Date "2024-06-17"]
[Round "5.44"]
[White "Polak, Aleksander"]
[Black "Herka, Jakub"]
[Result "1-0"]
[WhiteTitle "II"]
[BlackTitle "I"]
[WhiteElo "1554"]
[BlackElo "1796"]

1. d4 Nf6 2. c4 e6 3. Nc3 Bb4 4. f3 c5 5. d5 b5 6. e4 d6 7. Nge2 bxc4 8. Nf4 e5
9. Nfe2 Nbd7 10. a3 Ba5 11. Qa4 O-O 12. Qxc4 Nb6 13. Qd3 c4 14. Qc2 Nbd7 15. Be3
Bb6 16. Qd2 Rb8 17. Rb1 Ba6 18. Nc1 Nc5 19. Be2 Nfd7 20. O-O Qc7 21. Kh1 Nb3 22.
Nxb3 Bxe3 23. Qxe3 Rxb3 24. Rfc1 Rfb8 25. Rc2 Nc5 26. Qd2 R3b7 27. Bf1 Nb3 28.
Qf2 Nd4 29. Rcc1 h6 30. f4 Nb3 31. Rc2 exf4 32. Qxf4 Nc5 33. h3 Qe7 34. Kh2 Nd7
35. Ne2 Re8 36. Ng3 Ne5 37. Nf5 Qf6 38. Rf2 Rb3 39. Kg1 Reb8 40. Qc1 Qd8 41. Ne3
Rc8 42. Kh1 Qg5 43. Nf5 Qf6 44. Qc2 Nd3 45. Bxd3 Rxd3 46. Qa4 Bb7 47. Qd7 Kh7
48. Qxb7 Re8 49. Rbf1 Qg6 50. Qd7 Rxe4 51. Qxd6 Qh5 52. Rf3 Qg5 53. Qg3 Rxf3 54.
Rxf3 Qf6 55. d6 Qxb2 56. d7 Qa1+ 57. Kh2 Re1 58. Qxe1 1-0

[Event "Druzynowe Mistrzostwa Polski Juniorow - II liga"]
[Site "Sypniewo k. Jastowia"]
[Date "2024-06-17"]
[Round "5.45"]
[White "Bednarek, Jan"]
[Black "Kosecki, Kacper"]
[Result "1-0"]
[WhiteTitle "I"]
[BlackTitle "III"]
[WhiteElo "1786"]
[BlackElo "1444"]

1. e4 c5 2. Nf3 d6 3. d4 cxd4 4. Nxd4 Nf6 5. Nc3 e6 6. g4 Be7 7. g5 Nfd7 8. h4
Nc6 9. Be3 Nb6 10. Nxc6 bxc6 11. Qd2 d5 12. O-O-O a5 13. Qd4 Rb8 14. Qxg7 Rf8
15. Be2 a4 16. Qxh7 Ra8 17. g6 fxg6 18. Qxg6+ Kd7 19. exd5 cxd5 20. Bxb6 Qxb6
21. Nxd5 Qxf2 22. Bb5+ Kd6 23. Nb6+ Kc5 24. Nxa8 Kxb5 25. Nc7+ Kc6 26. Ne8 Kb7
27. Qe4+ Kb8 28. Qe5+ Ka8 29. Nc7+ Ka7 30. Nxe6 Bxe6 31. Qxe6 Bf6 32. Rd7+ Kb8
33. Qd6+ Ka8 34. Qxf8+ Bd8 35. Qxd8# 1-0

[Event "Druzynowe Mistrzostwa Polski Juniorow - II liga"]
[Site "Sypniewo k. Jastowia"]
[Date "2024-06-17"]
[Round "5.47"]
[White "Michniak, Julia"]
[Black "Sliwicka, Weronika"]
[Result "0-1"]
[WhiteTitle "I"]
[BlackTitle "I"]
[WhiteElo "1509"]
[BlackElo "1795"]

1. e4 c5 2. Nf3 e6 3. d4 cxd4 4. Nxd4 a6 5. Bd3 Qc7 6. O-O Nf6 7. Qe2 d6 8. c4
Nbd7 9. f4 Nc5 10. Bc2 Qb6 11. Nc3 Be7 12. Kh1 O-O 13. Nf3 Re8 14. e5 Nfd7 15.
exd6 Bxd6 16. Bxh7+ Kf8 17. b4 Qxb4 18. Bb2 Nb6 19. Ng5 Re7 20. Nxf7 Rxf7 21.
Bg6 Rf6 22. f5 Qxc4 23. Qh5 e5 24. Qh8+ Qg8 25. Qh4 Nc4 26. Nd5 Qxd5 27. Rad1
Qg8 28. Rxd6 Nxd6 29. Bxe5 Nce4 30. Bxf6 Nxf6 31. Rd1 Qc4 32. Qh8+ Ng8 33. f6
gxf6 34. Bh7 Bg4 35. Bxg8 Qxg8 36. Qxf6+ Nf7 37. Re1 Qg5 38. Qb2 b5 39. Qb4+ Kg8
40. Qe4 Rf8 41. h3 Bf5 42. Qf3 Bg6 0-1

[Event "Druzynowe Mistrzostwa Polski Juniorow - II liga"]
[Site "Sypniewo k. Jastowia"]
[Date "2024-06-17"]
[Round "5.49"]
[White "Skrzypinski, Jan"]
[Black "Bochniak, Franciszek"]
[Result "0-1"]
[WhiteTitle "I++"]
[BlackTitle "I++"]
[WhiteElo "1942"]
[BlackElo "1936"]

1. d4 Nf6 2. c4 e6 3. g4 Nxg4 4. e4 Nf6 5. e5 Ng8 6. Nf3 d6 7. Rg1 Ne7 8. Bg5 Nd7
9. Nc3 h6 10. Bf4 dxe5 11. dxe5 g5 12. Bg3 Nf5 13. h3 Bb4 14. Qb3 Qe7 15. a3 Bxc3+
16. Qxc3 b6 17. Nd4 Bb7 18. Bg2 Bxg2 19. Rxg2 Nxd4 20. Qxd4 O-O-O 21. Qe4 Kb8
22. b4 f5 23. exf6 Nxf6 24. Qe5 Nh5 25. Bh2 Rhf8 26. Rg4 Rf5 27. Qe3 Qf6 28. Rb1
e5 29. Kf1 Nf4 30. Re1 Nd3 31. Re2 Rf3 32. Bxe5 Nxe5 33. Qxe5 Rd1+ 0-1

[Event "Druzynowe Mistrzostwa Polski Juniorow - II liga"]
[Site "Sypniewo k. Jastowia"]
[Date "2024-06-17"]
[Round "5.50"]
[White "Lonski, Aleksander"]
[Black "Stachowiak, Bruno"]
[Result "1/2-1/2"]
[WhiteTitle "I+"]
[BlackTitle "II+"]
[WhiteElo "1852"]
[BlackElo "1815"]

1. d4 d6 2. c4 e5 3. dxe5 dxe5 4. Qxd8+ Kxd8 5. Nc3 c6 6. Nf3 f6 7. Be3 Na6 8.
O-O-O Kc7 9. g3 Be6 10. Nd2 Ne7 11. f4 Nf5 12. Bg1 exf4 13. gxf4 Bc5 14. Bh3 Nd4
15. Bxd4 Bxh3 16. Nde4 Bxd4 17. Rxd4 Rad8 18. Rhd1 b6 19. R4d3 Bf5 20. Rg3 Rxd1+
21. Kxd1 Rd8+ 22. Nd2 Rd7 23. e4 Bg6 24. a3 Nc5 25. f5 Nb3 26. Nd5+ cxd5 27. Rxb3
Bh5+ 28. Kc2 dxe4 29. Rg3 Re7 30. Nf1 Kd6 31. Rc3 Be2 32. Ng3 Bd3+ 33. Kd2 g6
34. Ke3 Ke5 35. c5 gxf5 36. Nh5 Rc7 37. b4 bxc5 38. bxc5 Bb5 39. Nf4 a5 40. Rc2
a4 41. Rc1 Ba6 42. c6 Kd6 43. Rd1+ Kxc6 44. Ne6 Rc8 45. Nd4+ Kb6 46. Nxf5 Bd3
47. Ne7 Rc5 48. Rg1 Rh5 49. Kd4 Rxh2 50. Nd5+ Kc6 51. Rc1+ Kd6 52. Nxf6 Rh4 53.
Nd5 h5 54. Ne3 Rh3 55. Rg1 h4 56. Rg4 Rh1 57. Rxh4 Rxh4 1/2-1/2

[Event "Druzynowe Mistrzostwa Polski Juniorow - II liga"]
[Site "Sypniewo k. Jastowia"]
[Date "2024-06-17"]
[Round "5.51"]
[White "Soroczynski, Mateusz"]
[Black "Jodlowski, Robert"]
[Result "0-1"]
[WhiteTitle "II"]
[BlackTitle "II"]
[WhiteElo "1557"]
[BlackElo "1675"]

1. e4 e6 2. d4 d5 3. e5 c5 4. c3 Nc6 5. Nf3 Bd7 6. a3 f6 7. exf6 Nxf6 8. b4 c4
9. Be2 Bd6 10. O-O Qc7 11. h3 O-O-O 12. Ng5 Rde8 13. Nf7 Bh2+ 14. Kh1 Rhf8 15.
Ng5 h6 16. Nf3 Bd6 17. a4 g5 18. Na3 a6 19. b5 Na5 20. bxa6 bxa6 21. Nc2 g4 22.
hxg4 Nxg4 23. Nb4 Bxb4 24. cxb4 Rxf3 25. g3 Nxf2+ 26. Rxf2 Rxf2 27. Be3 Qxg3 28.
Bxf2 Qh3+ 29. Kg1 Rg8+ 30. Bg4 Rxg4+ 31. Qxg4 Qxg4+ 32. Kf1 Nb3 33. Ra2 h5 34.
b5 axb5 35. axb5 Bxb5 36. Ke1 c3 37. Rc2 Nd2 38. Rxd2 cxd2+ 39. Kxd2 0-1

[Event "Druzynowe Mistrzostwa Polski Juniorow - II liga"]
[Site "Sypniewo k. Jastowia"]
[Date "2024-06-17"]
[Round "5.52"]
[White "Wites, Adam"]
[Black "Jasinski, Bartlomiej"]
[Result "1-0"]
[WhiteTitle "II+"]
[BlackTitle "II"]
[WhiteElo "1657"]
[BlackElo "1489"]

1. e4 d5 2. exd5 Nf6 3. Nc3 Nxd5 4. Nxd5 Qxd5 5. d4 Nc6 6. Nf3 Bg4 7. Be2 O-O-O
8. c3 e5 9. dxe5 Qxd1+ 10. Bxd1 Nxe5 11. Be2 Bxf3 12. gxf3 Nd3+ 13. Bxd3 Rxd3
14. Ke2 Rd7 15. Be3 Bd6 16. a4 a5 17. Rab1 Re8 18. Rhd1 f5 19. Kf1 f4 20. Bd2
b6 21. b4 axb4 22. cxb4 Be5 23. Be1 Red8 24. Ke2 Rxd1 25. Rxd1 Rxd1 26. Kxd1 Kb7
27. Kc2 Kc6 28. Kd3 Kd5 29. Bc3 Bd6 30. a5 bxa5 31. bxa5 Bc5 32. Bxg7 Bxf2 33.
Bc3 Be3 34. Bb4 Kc6 35. Kc4 h5 36. h3 Bf2 37. Bd2 Bg3 38. Kb4 Kb7 39. Kb5 h4 40.
a6+ Ka7 41. Bb4 c6+ 42. Kxc6 Kxa6 43. Kd5 Kb5 44. Bd2 Kb6 45. Ke4 Kc5 46. Bxf4
Bf2 47. Be3+ 1-0

[Event "Druzynowe Mistrzostwa Polski Juniorow - II liga"]
[Site "Sypniewo k. Jastowia"]
[Date "2024-06-17"]
[Round "5.53"]
[White "Gac-mytych, Sara"]
[Black "Grzesik, Nikola"]
[Result "1/2-1/2"]
[WhiteTitle "I"]
[BlackTitle "I"]
[WhiteElo "1586"]
[BlackElo "1635"]

1. e4 c5 2. c3 d5 3. exd5 Qxd5 4. Nf3 Nc6 5. Na3 Bf5 6. Bc4 Qe4+ 7. Qe2 Qxe2+ 8.
Bxe2 e5 9. O-O O-O-O 10. Nc4 f6 11. Ne3 Be6 12. Bc4 Bxc4 13. Nxc4 g5 14. Rd1 e4
15. Ne1 f5 16. f3 b5 17. Ne3 f4 18. N3c2 e3 19. d3 Nf6 20. g3 Rg8 21. b3 Nd5 22.
Bb2 Bg7 23. d4 cxd4 24. Nxd4 Nxd4 25. cxd4 Nb4 26. a3 Nc6 27. Rac1 Kb7 28. Nc2
Rge8 29. Kg2 Bxd4 30. Bxd4 e2 31. Re1 Nxd4 32. Nxd4 Rxd4 33. Rc2 Rd3 34. Rexe2
Ree3 35. gxf4 gxf4 36. Rxe3 Rxe3 37. Rb2 Kc6 38. Rc2+ Kd5 39. Rc7 Rxb3 1/2-1/2

[Event "Druzynowe Mistrzostwa Polski Juniorow - II liga"]
[Site "Sypniewo k. Jastowia"]
[Date "2024-06-17"]
[Round "5.54"]
[White "Smagala, Oliwia"]
[Black "Kubacka, Patrycja"]
[Result "0-1"]
[WhiteTitle "II"]
[BlackTitle "II"]
[WhiteElo "1528"]
[BlackElo "1430"]

1. e4 e5 2. Nf3 Nf6 3. Nc3 Nc6 4. Bb5 Nd4 5. d3 Bb4 6. Bc4 d6 7. a3 Ba5 8. b4 Bb6
9. Bg5 c6 10. h3 h6 11. Be3 a6 12. Na4 Ba7 13. c3 Nxf3+ 14. Qxf3 b5 15. Bb3 bxa4
16. Bxa4 Bd7 17. d4 Qe7 18. O-O c5 19. Bxd7+ Nxd7 20. bxc5 dxc5 21. d5 c4 22.
Bxa7 Rxa7 23. Qe2 Qc5 24. a4 O-O 25. Qg4 Nf6 26. Qf3 Rd7 27. Rfd1 Rd6 28. Kh1
Rb8 29. Re1 Rb2 30. Rf1 Rd2 31. Rad1 Rxd1 32. Rxd1 Kf8 33. Re1 Qa3 34. Qe3 Nd7
35. Qa7 Qxc3 36. Rg1 Qd4 37. Qc7 Qb6 38. Qxc4 Qxf2 39. Rf1 Qc5 40. Qe2 Rf6 41.
Rxf6 Nxf6 42. Qxa6 Nxe4 43. Qa8+ Ke7 44. Qb7+ Kf6 45. a5 Qxa5 46. Qc6+ Kf5 47.
Qd7+ Kg6 48. Qg4+ Ng5 49. h4 Qxd5 50. hxg5 hxg5 51. Qe2 f6 52. Qc2+ e4 53. Qe2
Qe5 54. Qe3 Qf4 55. Qxf4 gxf4 56. Kg1 Kg5 57. Kf2 Kg4 58. Kg1 e3 59. Kf1 Kg3 60.
Kg1 e2 0-1

[Event "Druzynowe Mistrzostwa Polski Juniorow - II liga"]
[Site "Sypniewo k. Jastowia"]
[Date "2024-06-17"]
[Round "5.55"]
[White "Lochinski, Pawel"]
[Black "Burda, Igor"]
[Result "0-1"]
[WhiteTitle "I"]
[BlackTitle "II+"]
[WhiteElo "1857"]
[BlackElo "1648"]

1. e4 c6 2. d4 d5 3. f3 dxe4 4. fxe4 e5 5. Nf3 Nf6 6. Bc4 exd4 7. O-O Bc5 8. Ng5
Qe7 9. e5 Nd5 10. Bxd5 cxd5 11. Nxf7 O-O 12. Nd6 d3+ 13. Kh1 dxc2 14. Qxd5+ Be6
15. Rxf8+ Kxf8 16. Qxc5 cxb1=Q 17. Rxb1 Nd7 18. Qd4 Bxa2 19. Ra1 Bb3 20. Bf4 b6
21. Qe4 Rd8 22. Rxa7 Nf6 23. Rb7 Qd7 24. Rxd7 Nxe4 25. Rb7 g5 26. Bg3 Ra8 27.
h3 Nxg3+ 28. Kh2 Nf1+ 29. Kg1 Ne3 30. Rxb6 Bd5 31. Kf2 Nxg2 32. Rb5 Nf4 33. Kg3
Be6 34. Ne4 h6 35. h4 Nh5+ 0-1